000 00729nam a22002297a 4500
999 _c1866
_d1866
003 OSt
005 20210701075301.0
008 210701b ||||| |||| 00| 0 eng d
020 _a9781256809074
020 _a1256809071
040 _cAlupe University
050 _aK235
_b.D56 2006
100 _aSusan Dimock
245 _aClassic Readings in the Philosophy of Law
_ba Custom edition for Humber Institute of Technology and Advanced Learning
250 _aCustom Edition
260 _aToronto, Ontario
_bPearson Canada Inc.
_c2006
300 _axv 357p
440 _aClassic Readings and Cases in the Philosophy of Law
504 _aIncludes Bibliographic details
650 _a Law -- Philosophy.
942 _2lcc
_cBK
_nMW